Library Banner

Fanoos (2016, Vol. 56, issue No. 1, mahnama, Lahore) = فانوس (جلد 56، شمارہ نمبر 1، 2016 ماہ نامہ لاہور / (Record no. 121513)

MARC details
000 -LEADER
fixed length control field 00564nam a2200169 4500
005 - DATE AND TIME OF LATEST TRANSACTION
control field 20210311103150.0
008 - FIXED-LENGTH DATA ELEMENTS--GENERAL INFORMATION
fixed length control field 210227b ||||| |||| 00| 0 eng d
040 ## - CATALOGING SOURCE
Transcribing agency PK-LaUMT
082 ## - DEWEY DECIMAL CLASSIFICATION NUMBER
Classification number RHC 891.439305
Item number FAN-
245 ## - TITLE STATEMENT
Title Fanoos (2016, Vol. 56, issue No. 1, mahnama, Lahore) = فانوس (جلد 56، شمارہ نمبر 1، 2016 ماہ نامہ لاہور /
Statement of responsibility, etc edited by Muhammad Shakoor Tufail
260 ## - PUBLICATION, DISTRIBUTION, ETC. (IMPRINT)
Place of publication, distribution, etc Lahore :
Name of publisher, distributor, etc Mahnamah Fanoos,
Date of publication, distribution, etc 2016
300 ## - PHYSICAL DESCRIPTION
Extent 496 p.
546 ## - LANGUAGE NOTE
Language note Urdu
650 ## - SUBJECT ADDED ENTRY--TOPICAL TERM
Topical term or geographic name as entry element Urdu literature
650 ## - SUBJECT ADDED ENTRY--TOPICAL TERM
Topical term or geographic name as entry element Urdu magazines
942 ## - ADDED ENTRY ELEMENTS (KOHA)
Koha item type Books
Holdings
Withdrawn status Lost status Damaged status Home library Current library Date acquired Full call number Barcode Date last seen Price effective from Koha item type
      UMT Main Campus UMT Main Campus 2021-02-27 RHC 891.439305 FAN- 112838 2021-02-27 2021-02-27 Books